书目信息 |
| 题名: |
字源
|
|
| 作者: | 约斋 编著 | |
| 分册: | ||
| 出版信息: | 上海 上海书店 1986.05 |
|
| 页数: | 238页 | |
| 开本: | 19cm | |
| 丛书名: | ||
| 单 册: | ||
| 中图分类: | H123 | |
| 科图分类: | ||
| 主题词: | 汉字--字体 , 汉字--字形 | |
| 电子资源: | ||
| ISBN: | ||
| 000 | 00532nam0 2200217 45 | |
| 001 | 0404210957 | |
| 005 | 20041209152116.3 | |
| 010 | @dCNY1.30 | |
| 091 | @a159.1 | |
| 100 | @a20040421d1986 km y0chiy0120 ea | |
| 101 | 0 | @achi |
| 105 | @a z 000yy | |
| 200 | 1 | @a字源@AZi Yuan@f约斋编著@FYue Zhai Bian Zhu |
| 210 | @a上海@c上海书店@d1986.05 | |
| 215 | @a238页@d19cm | |
| 606 | 0 | @a汉字@x字体 |
| 606 | 0 | @a汉字@x字形 |
| 690 | @aH123@v3 | |
| 701 | 0 | @a约斋@4编著 |
| 801 | @aCN@bPftUser@c20040421 | |
| 905 | @dH123@e8@f1@b163882 | |
| 字源/约斋编著.-上海:上海书店,1986.05 |
| 238页;19cm |
| ISBN :CNY1.30 |
| ● |
| 相关链接 |
|
|
|
|
正题名:字源
索取号:H123/8
 
预约/预借
| 序号 | 登录号 | 条形码 | 馆藏地/架位号 | 状态 | 备注 |
| 1 | 0163881 | 000833094 | 第四借阅区/ [索取号:H123/8] | 在馆 | |
| 2 | 0163882 | 000833085 | 第四借阅区/ [索取号:H123/8] | 在馆 | |
| 3 | 0163883 | 202078875 | 第二样本阅览室/ [索取号:H123/8] | 在馆 |